El movimiento solidarista : antecedentes y su desarrollo /
Kaydedildi:
| Yazar: | |
|---|---|
| Materyal Türü: | Kitap |
| Dil: | Spanish |
| Baskı/Yayın Bilgisi: |
San José, Costa Rica
Centro de Capacitación para el Desarrollo
1984?
|
| Konular: | |
| Etiketler: |
Etiketle
Etiket eklenmemiş, İlk siz ekleyin!
|
MARC
| LEADER | 00000nam a22000007a 4500 | ||
|---|---|---|---|
| 003 | cru CIDCACS/IIS | ||
| 005 | 20180112150628.0 | ||
| 008 | 180112b198? cr ||||||||||||0| 0|spa|d | ||
| 999 | |c 40811 |d 40811 | ||
| 040 | |c cru CIDCACS/IIS | ||
| 090 | |a 00.00.00 Sxxxm | ||
| 100 | 1 | |9 658 |a Soto Acosta, Willy | |
| 245 | 1 | 3 | |a El movimiento solidarista : |b antecedentes y su desarrollo / |c Willy Soto |
| 260 | |a San José, Costa Rica |b Centro de Capacitación para el Desarrollo |c 1984? | ||
| 300 | |a 31 páginas | ||
| 500 | |a Colección Alforja | ||
| 650 | 1 | 0 | |9 6365 |a SOLIDARISMO |
| 650 | 1 | 0 | |9 4 |a MOVIMIENTOS OBREROS |
| 650 | 1 | 0 | |9 2228 |a SINDICALISMO |
| 650 | 1 | 0 | |9 64 |a CAPITALISMO |
| 650 | 1 | 0 | |9 6366 |a MOVIMIENTO SOLIDARISTA |
| 650 | 4 | |9 1935 |a RECESION ECONOMICA | |
| 650 | 0 | |9 3745 |a INTERVENCION DEL ESTADO | |
| 651 | 1 | 0 | |9 32 |a COSTA RICA |
| 942 | |2 ddc |c LI | ||
